Raíces sociales del ateísmo moderno
Saved in:
| Main Author: | |
|---|---|
| Format: | Book |
| Language: | Spanish |
| Published: |
Madrid
Fundación Santa María
1985
|
| Series: | Cátedra de Teología Contemporánea. Curso El Problema de Dios Hoy, 1
|
| Subjects: | |
| Tags: |
Add Tag
No Tags, Be the first to tag this record!
|
MARC
| LEADER | 00000nam a2200000 a 4500 | ||
|---|---|---|---|
| 001 | UCW9262 | ||
| 003 | CL-VaPUC | ||
| 008 | 890109e19850000SP |||||||||||||||||spa|d | ||
| 082 | 0 | 4 | |a 211.5 |b MAR |2 21 |
| 100 | |a Mardones Martínez, José María |e autor |9 492469 | ||
| 245 | 1 | 0 | |a Raíces sociales del ateísmo moderno |
| 300 | |a 71 p | ||
| 942 | |c BK | ||
| 945 | |d 19890109 00:00:00 | ||
| 260 | |a Madrid |b Fundación Santa María |c 1985 | ||
| 650 | 7 | |a DEISMO |2 CL-VaPUC |9 314472 | |
| 650 | 7 | |a CRISTIANISMO Y ATEISMO |2 CL-VaPUC |9 314473 | |
| 583 | |a last modification |c 19890109 00:00:00 |k Rodrigo Vera | ||
| 490 | 0 | |a Cátedra de Teología Contemporánea. Curso El Problema de Dios Hoy, 1 | |
| 999 | |c 221282 |d 221280 | ||
| 952 | |0 0 |1 2 |4 0 |6 211_500000000000000_MAR_1985 |7 0 |8 A |9 214448 |a BIBTEO |b BIBTEO |d 2019-11-15 |i 2830388 |o 211.5 MAR 1985 |p 2830388 |r 2019-11-15 |w 2019-11-15 |x Descarte 2019 |y BK |k ICR | ||
| 952 | |0 0 |1 0 |4 0 |6 211_500000000000000_MAR_1985 |7 0 |8 A |9 214449 |a BIBTEO |b BIBTEO |d 2019-11-15 |i 2830396 |o 211.5 MAR 1985 |p 2830396 |r 2025-01-17 |w 2019-11-15 |y BK |k ICR | ||